Statistiques concernant Universités de France

Cliquez ici pour prendre le quiz!

Statistiques générales

  • Ce quiz a été pris 492 fois
    (347 depuis la dernière actualisation)
  • Le résultat moyen est 52 sur 68

Statistiques - réponses

SiègeRéponse% Correct
ParisSorbonne Université
97%
ParisUniversité Sorbonne-Nouvelle (Paris-III)
97%
ParisUniversité Panthéon-Sorbonne (Paris-I)
96%
Cergy-PontoiseCY Cergy Paris Université
94%
ParisUniversité Panthéon-Assas (Paris-II)
94%
NanterreUniversité Paris-Nanterre (Paris-X)
94%
ParisUniversité de Paris
93%
Marne-la-ValléeUniversité Gustave-Eiffel
93%
LyonUniversité Jean-Moulin-Lyon-III
93%
CréteilUniversité Paris-Est-Créteil-Val-de-Marne (Paris-XII)
93%
OrsayUniversité Paris-Saclay
93%
ParisUniversité Paris Sciences & Lettres
93%
LyonUniversité Claude-Bernard-Lyon-I
92%
LilleUniversité de Lille
92%
LyonUniversité Lumière-Lyon-II
92%
Saint-DenisUniversité Paris-VIII
92%
VilletaneuseUniversité Paris-XIII
92%
MarseilleAix-Marseille Université
90%
ToulouseUniversité Toulouse-III-Paul-Sabatier
89%
ToulouseUniversité Toulouse-Jean-Jaurès
89%
PessacUniversité Bordeaux-Montaigne
88%
NiceUniversité Côte-d'Azur
88%
BordeauxUniversité de Bordeaux
88%
ToulouseUniversité Toulouse-I-Capitole
88%
ToulouseInstitut national polytechnique de Toulouse
87%
StrasbourgUniversité de Strasbourg
87%
NantesUniversité de Nantes
86%
RennesUniversité Rennes-I
86%
RennesUniversité Rennes-II
86%
BrestUniversité de Bretagne-Occidentale
85%
MontpellierUniversité de Montpellier
84%
MontpellierUniversité Paul-Valéry-Montpellier
84%
CaenUniversité de Caen-Normandie
83%
GrenobleUniversité Grenoble-Alpes
81%
Mont-Saint-AignanUniversité de Rouen-Normandie
79%
DijonUniversité de Bourgogne
78%
Saint-DenisUniversité de La Réunion
77%
Le HavreUniversité Le Havre-Normandie
77%
Clermont-FerrandUniversité Clermont-Auvergne
74%
Saint-ÉtienneUniversité Jean-Monnet-Saint-Étienne
74%
AngersUniversité d'Angers
73%
ToulonUniversité de Toulon
73%
Lorient & VannesUniversité Bretagne-Sud
72%
ToursUniversité de Tours
71%
OrléansUniversité d'Orléans
71%
AmiensUniversité de Picardie-Jules-Verne
68%
ReimsUniversité de Reims-Champagne-Ardenne
67%
LimogesUniversité de Limoges
66%
PoitiersUniversité de Poitiers
66%
PerpignanUniversité Perpignan-Via-Domitia
66%
PauUniversité de Pau et des Pays de l'Adour
64%
Pointe-à-PitreUniversité des Antilles
62%
CayenneUniversité de Guyane
61%
NîmesUniversité de Nîmes
61%
Le MansLe Mans Université
60%
CorteUniversité de Corse-Pascal-Paoli
60%
La RochelleUniversité de La Rochelle
60%
BesançonUniversité de Franche-Comté
59%
DunkerqueUniversité du Littoral-Côte-d'Opale
59%
AvignonAvignon Université
57%
VersaillesUniversité de Versailles-Saint-Quentin-en-Yvelines
57%
MulhouseUniversité de Haute-Alsace
56%
ChambéryUniversité Savoie-Mont-Blanc
52%
NouméaUniversité de la Nouvelle-Calédonie
51%
ArrasUniversité d'Artois
47%
FamarsUniversité polytechnique des Hauts-de-France
39%
PunaauiaUniversité de la Polynésie française
38%
ÉvryUniversité d'Évry-Val-d'Essonne
23%

Distribution des résultats

Percentile par nombre de réponses

% des personnes avec chaque résultat

Votre développement - résultats

Vous n’avez pas pris ce quiz depuis la dernière actualisation